Robinso Crusoe / (Registro nro. 11435)
[ vista simple ]
| 000 -LIDER | |
|---|---|
| fixed length control field | 00705nam a22002537a 4500 |
| 001 - NÚMERO DE CONTROL | |
| Identificador de número de control | 000683 |
| 003 - IDENTIFICACDOR DE NÚMERO DE CONTROL | |
| control field | DO-SdBNP |
| 005 - DATE AND TIME OF LATEST TRANSACTION | |
| control field | 20171117131846.0 |
| 007 - CAMPOS FIJOS DE DESCRIPCIÓN FÍSICA | |
| fixed length control field | 000683 |
| 008 - ELEMENTOS DE LONGITUD FIJA | |
| fixed length control field | 151210b 2004 sp 00| 0 spa d |
| 020 ## - ISBN | |
| International Standard Book Number | 9788434150607 |
| 040 ## - FUENTE DE CATALOGACIÓN | |
| Agencia que crea de manera original el registro | BPMSU |
| Idioma de catalogación | spa |
| Agencia que realiza la transcripción | BPMSU |
| 082 ## - NÚMERO DE CLASIFICACIÓN DECIMAL DE DEWEY | |
| Classification number | 823.5 |
| Item number | D314r 2004 |
| 100 1# - ASIENTO PRINCIPAL -- NOMBRE PERSONAL | |
| Nombre personal | Defoe, Daniel, |
| Fechas asociadas con el nombre | 1660-1731 |
| 240 10 - TITULO UNIFORME | |
| Título uniforme | Robinson Crusoe / |
| Idioma de una obra | Inglés |
| 245 13 - MENCIÓN DE TITULO | |
| Título | Robinso Crusoe / |
| Mención de responsabilidad | Daniel Defoe ; traducción Julio Cortázar |
| 260 ## - PUBLICACIÓN, DISTRIBUCIÓN, ETC. (PIE DE IMPRENTA) | |
| Lugar de publicación, distribución, etc | Barcelona ; |
| Nombre del editor, distribuidor, etc. | Random house Mondadori, |
| Fecha de publicación, distribución, etc | 2004. |
| 300 ## - DESCRIPCIÓN FÍSICA | |
| Extensión | 596 p.; |
| Dimensiones | 19 cm. |
| 700 12 - ASIENTO SECUNDARIO -- NOMBRE PERSONAL | |
| Nombre personal | Cortázar, Julio |
| Mención de responsabilidad | trad. |
| 910 ## - VALIDACIÓN | |
| Validación | 00144 |
| 942 ## - ADDED ENTRY ELEMENTS (KOHA) | |
| Source of classification or shelving scheme | Dewey Decimal Classification |
| Koha item type | Libros |
| 945 ## - INFORMACIÓN DE PROCESAMIENTO LOCAL | |
| Información de procesamiento local | Inventariado, 2017/MFF |
| 956 ## - LOCAL ELECTRONIC LOCATION AND ACCESS (OCLC) | |
| Nombre de host | Yngrid Lockward |
| Número de acceso | 10 |
| Withdrawn status | Lost status | Source of classification or shelving scheme | Damaged status | Not for loan | Collection code | Home library | Current library | Date acquired | Source of acquisition | Total Checkouts | Full call number | Barcode | Date last seen | Price effective from | Koha item type |
|---|---|---|---|---|---|---|---|---|---|---|---|---|---|---|---|
| Dewey Decimal Classification | Colección Juvenil General | Biblioteca Pública Metropolitana Salomé Ureña | Biblioteca Pública Metropolitana Salomé Ureña | 09/16/2016 | Fundi | 823.5 D314r 2004 | BPMSU16090386 | 09/16/2016 | 09/16/2016 | Libros |